Królowie strzelców Ekstraklasy - Statystyki

Ogólne statystyki
  • Ten quiz został rozwiązany 2 495 razy
    1 821 od ostatniego zresetowania
  • Średni wynik to 24 z 110
Statystyki odpowiedzi
Rok Zawodnik Klub Liczba bramek % Poprawnych
2010 Robert Lewandowski Lech Poznań 18
75%
1973 Grzegorz Lato Stal Mielec 13
56%
1975 Grzegorz Lato Stal Mielec 19
56%
1998 Arkadiusz Bąk Polonia Warszawa 14
54%
1999 Tomasz Frankowski Wisła Kraków 21
54%
2001 Tomasz Frankowski Wisła Kraków 18
54%
2005 Tomasz Frankowski Wisła Kraków 25
54%
2011 Tomasz Frankowski Jagiellonia Białystok 14
54%
2022 Ivi López Raków Częstochowa 20
53%
2014 Marcin Robak Piast Gliwice / Pogoń Szczecin 22
52%
2017 Marcin Robak Lech Poznań 18
52%
2016 Nemanja Nikolić Legia Warszawa 28
50%
2024 Erik Expósito Śląsk Wrocław 19
48%
Marco Paixão Lechia Gdańsk 18
47%
2008 Paweł Brożek Wisła Kraków 23
47%
2009 Paweł Brożek Wisła Kraków 19
47%
2002 Maciej Żurawski Wisła Kraków 21
45%
2004 Maciej Żurawski Wisła Kraków 20
45%
1966 Włodzimierz Lubański Górnik Zabrze 23
43%
1967 Włodzimierz Lubański Górnik Zabrze 18
43%
1968 Włodzimierz Lubański Górnik Zabrze 24
43%
1969 Włodzimierz Lubański Górnik Zabrze 22
43%
2018 Carlitos Wisła Kraków 24
41%
2025 Efthymios Koulouris Pogoń Szczecin 28
40%
2019 Igor Angulo Górnik Zabrze 24
37%
2012 Artjoms Rudņevs Lech Poznań 22
36%
Jerzy Wilim Szombierki Bytom 18
36%
2021 Tomáš Pekhart Legia Warszawa 22
35%
1934 Ernest Wilimowski Ruch Wielkie Hajduki 34
34%
1936 Ernest Wilimowski Ruch Wielkie Hajduki 18
34%
1938 Ernest Wilimowski Ruch Wielkie Hajduki 21
34%
2007 Piotr Reiss Lech Poznań 15
34%
1957 Lucjan Brychczy Legia Warszawa 19
32%
1964 Lucjan Brychczy Legia Warszawa 18
32%
1965 Lucjan Brychczy Legia Warszawa 20
32%
2023 Marc Gual Jagiellonia Białystok 16
32%
2020 Christian Gytkjaer Lech Poznań 24
28%
2006 Grzegorz Piechna Kolporter Korona Kielce 21
28%
2015 Kamil Wilczek Piast Gliwice 20
28%
2013 Róbert Demjan Podbeskidzie Bielsko-Biała 14
27%
Ernest Pohl CWKS Warszawa 13
26%
1959 Ernest Pohl Górnik Zabrze 21
26%
1961 Ernest Pohl Górnik Zabrze 24
26%
1925 Henryk Reyman Wisła Kraków 11
22%
1927 Henryk Reyman Wisła Kraków 37
22%
1952 Gerard Cieślik Unia Chorzów 11
19%
1953 Gerard Cieślik Unia Chorzów 24
19%
2003 Stanko Svitlica Legia Warszawa 24
19%
1949 Teodor Anioła Kolejarz Poznań 20
17%
1950 Teodor Anioła Kolejarz Poznań 21
17%
1951 Teodor Anioła Kolejarz Poznań 20
17%
1921 Józef Kałuża Cracovia 9
16%
Takesure Chinyama Legia Warszawa 19
16%
1976 Kazimierz Kmiecik Wisła Kraków 20
15%
1978 Kazimierz Kmiecik Wisła Kraków 15
15%
1979 Kazimierz Kmiecik Wisła Kraków 17
15%
1980 Kazimierz Kmiecik Wisła Kraków 24
15%
1990 Andrzej Juskowiak Lech Poznań 18
14%
Mariusz Śrutwa Ruch Chorzów 14
14%
1988 Dariusz Dziekanowski Legia Warszawa 20
12%
1992 Jerzy Podbrożny Lech Poznań 20
12%
1993 Jerzy Podbrożny Lech Poznań 25
12%
1996 Marek Koniarek Widzew Łódź 29
12%
2000 Adam Kompała Górnik Zabrze 19
11%
1989 Krzysztof Warzycha Ruch Chorzów 24
11%
Sylwester Czereszewski Legia Warszawa 14
11%
1922 Wacław Kuchar Pogoń Lwów 21
11%
Wacław Kuchar Pogoń Lwów 11
11%
1983 Mirosław Okoński Lech Poznań 15
10%
1997 Mirosław Trzeciak ŁKS Łódź 18
9%
1995 Bogusław Cygan Stal Mielec 16
7%
Jan Liberda Polonia Bytom 21
6%
1962 Jan Liberda Polonia Bytom 16
6%
1987 Marek Leśniak Pogoń Szczecin 24
6%
Mirosław Waligóra Hutnik Kraków 20
6%
Teodor Peterek Ruch Wielkie Hajduki 18
6%
Teodor Peterek Ruch Wielkie Hajduki 21
6%
1977 Włodzimierz Mazur Zagłębie Sosnowiec 17
6%
1974 Zdzisław Kapka Wisła Kraków 15
6%
1994 Zenon Burzawa Sokół Pniewy 21
6%
1970 Andrzej Jarosik Zagłębie Sosnowiec 18
5%
1971 Andrzej Jarosik Zagłębie Sosnowiec 13
5%
1986 Andrzej Zgutczyński Górnik Zabrze 20
5%
1981 Krzysztof Adamczyk Legia Warszawa 18
5%
1985 Leszek Iwanicki Motor Lublin 14
5%
1963 Marian Kielec Pogoń Szczecin 18
5%
Mirosław Tłokiński Widzew Łódź 15
5%
1972 Ryszard Szymczak Gwardia Warszawa 16
5%
1991 Tomasz Dziubiński Wisła Kraków 21
5%
1984 Włodzimierz Ciołek Górnik Wałbrzych 14
5%
1933 Artur Woźniak Wisła Kraków 18
4%
1937 Artur Woźniak Wisła Kraków 12
4%
1982 Grzegorz Kapica Szombierki Bytom 15
4%
1954 Henryk Kempny Ogniwo Bytom 13
4%
1956 Henryk Kempny CWKS Warszawa 21
4%
Józef Gałeczka Zagłębie Sosnowiec 18
4%
1948 Józef Kohut Wisła Kraków 31
4%
1930 Karol Kossok Cracovia 24
4%
1928 Ludwik Gintel Cracovia 28
4%
1960 Marian Norkowski Polonia Bydgoszcz 17
4%
1935 Michał Matyas Pogoń Lwów 22
4%
1923 Mieczysław Batsch Pogoń Lwów 17
4%
1929 Rochus Nastula Czarni Lwów 25
4%
1955 Stanisław Hachorek Gwardia Warszawa 16
4%
1958 Władysław Soporek ŁKS Łódź 19
4%
1946 Henryk Spodzieja AKS Chorzów 8
3%
1926 Józef Garbień Pogoń Lwów 11
3%
1932 Kajetan Kryszkiewicz Warta Poznań 15
3%
1947 Mieczysław Gracz Wisła Kraków 4
3%
1931 Walerian Kisieliński Wisła Kraków 24
3%
Nie znaleziono quizów pasujących do podanych kryteriów
Rozkład punktacji
Procent ludzi z każdym wynikiem
Percentyl według liczby udzielonych odpowiedzi
Twoja historia wyników
Nie rozwiązałeś tego quizu od ostatniego zresetowania